000 01167cas a22002415 4500
001 L154289
008 111109c2011 xxuqr ws s 0 a0eng u
035 _a(Sirsi) u154289
041 0 _aeng
050 _a333.33 $2 18
110 2 _aCushman & Wakefield
_95888
245 0 0 _aForecast 2011-2013
_bUnited States Office Market
_h[electronic resource]
260 _a[S.l.]
_bCushman & Wakefield
_c2011-
362 0 _aMarch 2011-
490 0 _aCushman & Wakefield Forecast United States Office Market
_vMarch 2011-
520 _aForecast includes:economic outlook, office market review, CBD forecast, office market projections to city level, and suburban forecasts.
554 _aOccasional
650 2 4 _aCUSHMAN & WAKEFIELD FORECAST UNITED STATES OFFICE MARKET
651 4 _aUnited States
_y1959-
690 _aPROPERTY-COMMERCIAL PROPERTY-COMMERCIAL PROPERTY MARKET
856 4 0 _uhttps://www.cushwake.com/cwglobal/jsp/kcLocalReportLanding.jsp?Country=GLOBAL&Language=EN&catId=100004
_zView the report (highlight United States in the region box, office in the sector box, click on search) free of charge after free registration at www.cushwake.com
942 _n0
999 _c119366
_d119366